Statistics for Culture by Letter - T

Click here to take the quiz!

General Stats

  • This quiz has been taken 40 times
  • The average score is 7 of 15

Answer Stats

Answer% Correct
Tango
100%
Tiramisu
81%
Taoism
76%
Thailand
76%
Taekwondo
70%
Tibet
59%
Tagalog
46%
Tehran
41%
Tajik
32%
Tbilisi
24%
Tianjin
22%
Taipei 101
19%
Timor
14%
Tokelau
8%
Torres del Paine
5%

Score Distribution

Percentile by Number Answered

Percent of People with Each Score

Your Score History

You have not taken this quiz